Haag,Stephen. (Record no. 3755)
[ view plain ]
| 000 -LEADER | |
|---|---|
| fixed length control field | 00374nam a2200133Ia 4500 |
| 008 - FIXED-LENGTH DATA ELEMENTS--GENERAL INFORMATION | |
| fixed length control field | 151015s9999 xx 000 0 und d |
| 020 ## - INTERNATIONAL STANDARD BOOK NUMBER | |
| International Standard Book Number | 7283076 |
| 245 ## - TITLE STATEMENT | |
| Title | Haag,Stephen. |
| 250 ## - EDITION STATEMENT | |
| Edition statement | _Microsoft office access 2003 Stephen Haag |
| 300 ## - PHYSICAL DESCRIPTION | |
| Extent | New York McGraw-Hill 2004 |
| 500 ## - GENERAL NOTE | |
| General note | Includes index. |
| 650 ## - SUBJECT ADDED ENTRY--TOPICAL TERM | |
| Topical term or geographic name as entry element | _Microsoft Access |
| 700 ## - ADDED ENTRY--PERSONAL NAME | |
| Personal name | ^d20120830 12:59:39^oanne |
No items available.